Städte Niedersachsens - Bilderquiz - Statistiken

Allgemein
  • Dieses Quiz wurde 56 mal gespielt
  • Das Durchschnittsergebnis liegt bei 10 aus 20
Antwortstatistiken
Bildquiz Antwort % Korrekt
Wolfsburg
80%
Soltau
78%
Hannover
76%
Wilhelmshaven
76%
Hameln
73%
Uelzen
63%
Braunschweig
61%
Hildesheim
61%
Cuxhaven
47%
Lüneburg
45%
Celle
41%
Goslar
41%
Göttingen
41%
Emden
39%
Oldenburg
39%
Osnabrück
39%
Wolfenbüttel
24%
Salzgitter
18%
Einbeck
12%
Bückeburg
10%
Keine übereinstimmenden Quizze gefunden
Verteilung der Resultate
Anzahl Personen mit jedem Resultat
Perzentil nach korrekt beantworteten Fragen
Ihre Resultats-Entwicklung
Sie haben dieses Quiz noch nicht gespielt